Statistics for New England Patriots Quiz #1

Click here to take the quiz!

General Stats

  • This quiz has been taken 414 times
  • The average score is 5 of 6

Answer Stats

HintAnswer% Correct
Which QB won all of them?Tom Brady
100%
Who had three of those MVPs?Tom Brady
100%
How many Superbowls have the Pats won?4
93%
Who was QB before Brady?Drew Bledsoe
88%
Who had the game-winning INT in Superbowl XLIXMalcolm Butler
84%
Who one the other MVP?Deion Branch
42%

Score Distribution

Percentile by Number Answered

Percent of People with Each Score

Your Score History

You have not taken this quiz